000 00780nam a2200253 a 4500
001 000110871
003 CHAP
005 20220329144149.0
008 141014s1997 mx b |r |||||||spa d
010 _a107333
011 _a108305
040 _cCHAP
082 0 4 _a631.5
_bR38
245 0 0 _aRelación de viajes de estudio, realizados por alumnos del D.I.A. de 1981-1997 /
_ccompilado por Celia Rodríguez Betancourt.
260 _aChapingo, Méx. :
_bUACH. Departamento de Ingeniería Agroindustrial,
_c1997.
300 _a[45] h.
590 _aE6096MTM
_b05
_c20141014
_lUCH01
_h1318
650 1 4 _aBibliografía.
_912194
650 1 4 _aViajes de estudio.
_9119036
700 0 _aRodríguez Betancourt, Celia
_ecomp.
_998327
901 _aBK
942 _cLIBRO
942 _n0
999 _c107333
_d107333